[Event "Africa-ch U16"]
[Site "Windhoek"]
[Date "2019.12.17"]
[Round "3.5"]
[White "Horn, Aldo"]
[Black "Tamer, Mohamed"]
[Result "0-1"]
[WhiteElo "1209"]
[BlackElo "1914"]
[PlyCount "82"]
[EventDate "2019.12.16"]
[EventType "swiss"]
[EventRounds "9"]
[EventCountry "NAM"]
[SourceTitle "EXT 2024"]
[Source "ChessBase"]
[SourceDate "2023.10.10"]
[SourceVersion "1"]
[SourceVersionDate "2023.10.10"]
[SourceQuality "1"]

1. e4 d6 2. d4 Nf6 3. Nc3 g6 4. Nf3 Bg7 5. Be3 c6 6. Qd2 Qc7 7. Bh6 0-0 8. Bxg7 Kxg7 9. Bc4 b5 10. Bb3 b4 11. Ne2 Nxe4 12. Qxb4 a5 13. Qc4 Ba6 14. Qa4 Bb5 15. Qa3 a4 16. c4 Qa5+ 17. Kf1 axb3 18. Qxa5 Rxa5 19. cxb5 Rxa2 20. Rb1 cxb5 21. Nc1 Ra4 22. Nxb3 Nc6 23. Ke2 Rb4 24. Nc1 Nc3+ 25. bxc3 Rxb1 26. Nd2 Ra1 27. Ndb3 Ra3 28. Rd1 Na5 29. Nxa5 Rxa5 30. Rd2 Rfa8 31. Nd3 Ra2 32. Nb4 Rxd2+ 33. Kxd2 e6 34. Ke3 Ra3 35. Kd3 Kf8 36. g3 Ke8 37. h4 Kd7 38. f3 f5 39. f4 Ra1 40. Ke3 Rc1 41. Kd3 Rg1 0-1

[Event "African-ch U14"]
[Site "Kisumu"]
[Date "2018.08.12"]
[Round "1.2"]
[White "Subramaniam, Sunil"]
[Black "Tamer, Mohamed"]
[Result "0-1"]
[WhiteElo "1232"]
[BlackElo "1665"]
[PlyCount "124"]
[EventDate "2018.08.12"]
[EventType "swiss"]
[EventRounds "9"]
[EventCountry "KEN"]
[SourceTitle "EXT 2024"]
[Source "ChessBase"]
[SourceDate "2023.10.10"]
[SourceVersion "1"]
[SourceVersionDate "2023.10.10"]
[SourceQuality "1"]

1. e4 d6 2. Nf3 Nf6 3. Nc3 g6 4. Bc4 Bg7 5. d3 0-0 6. 0-0 Nc6 7. h3 Na5 8. Bb5 c6 9. Ba4 Qc7 10. b4 b5 11. bxa5 bxa4 12. Bd2 a3 13. Rb1 Rb8 14. Rxb8 Qxb8 15. Qc1 Qb2 16. Qxb2 axb2 17. Rb1 d5 18. e5 Nd7 19. d4 Ba6 20. Rxb2 Rb8 21. Rxb8+ Nxb8 22. Bg5 e6 23. Be7 Nd7 24. Na4 Be2 25. Nc3 Bxf3 26. gxf3 Bh6 27. Na4 Bf8 28. Bxf8 Kxf8 29. Nc5 Nxc5 30. dxc5 g5 31. Kg2 f6 32. exf6 Kf7 33. Kg3 h5 34. f4 gxf4+ 35. Kxf4 Kxf6 36. Kg3 e5 37. h4 Kf5 38. f3 a6 39. a3 d4 40. a4 e4 41. fxe4+ Kxe4 42. Kf2 Kf4 43. Ke2 Kg4 44. Kd3 Kxh4 45. Kxd4 Kg3 46. Ke5 h4 47. Kd6 h3 48. Kxc6 h2 49. Kb6 h1Q 50. c6 Kf4 51. c7 Qa8 52. c4 Ke5 53. Kc5 Qc8 54. Kc6 Ke6 55. c5 Ke7 56. Kb6 Kd7 57. c6+ Kd6 58. Ka7 Qxc7+ 59. Kxa6 Qxc6+ 60. Ka7 Qxa4 61. a6 Kc7 62. Ka8 Qxa6# 0-1

[Event "Africa-ch U14"]
[Site "Cairo"]
[Date "2017.12.07"]
[Round "7.3"]
[White "Tamer, Mohamed"]
[Black "Elmorshdy, Begad"]
[Result "0-1"]
[WhiteElo "1671"]
[BlackElo "1453"]
[PlyCount "132"]
[EventDate "2017.12.03"]
[EventType "swiss"]
[EventRounds "9"]
[EventCountry "EGY"]
[SourceTitle "EXT 2024"]
[Source "ChessBase"]
[SourceDate "2023.10.10"]
[SourceVersion "1"]
[SourceVersionDate "2023.10.10"]
[SourceQuality "1"]

1. Nf3 d6 2. g3 e5 3. d3 f5 4. Bg2 Nf6 5. 0-0 Be7 6. Nbd2 0-0 7. e4 Kh8 8. Qe2 Nc6 9. c3 Qe8 10. Qd1 Qh5 11. Nh4 Qxd1 12. Rxd1 fxe4 13. dxe4 Bg4 14. Nhf3 Nxe4 15. Nxe4 Bxf3 16. Bxf3 Rxf3 17. Ng5 Bxg5 18. Bxg5 Raf8 19. Be3 b6 20. Kg2 R3f6 21. Rd2 Ne7 22. Bg5 R6f7 23. f4 h6 24. Bxe7 Rxe7 25. fxe5 Rxe5 26. Rad1 Rfe8 27. Kf2 Rh5 28. Kg2 Rhe5 29. Kf2 g5 30. Kf1 Kg7 31. Rd4 Rf8+ 32. Kg1 Re2 33. R1d2 Rff2 34. Rxe2 Rxe2 35. Rb4 Kf6 36. a4 Kf5 37. Rb5+ Ke4 38. a5 c5 39. axb6 Kf3 40. Kf1 axb6 41. Rxb6 Rxh2 42. Ke1 Kxg3 43. Rxd6 Rxb2 44. Rxh6 Rc2 45. Rc6 Rxc3 46. Kd2 Rc4 47. Kd3 Rd4+ 48. Ke3 Rc4 49. Kd3 Rc1 50. Kd2 Rf1 51. Rxc5 g4 52. Ke2 Kg2 53. Rg5 Rf2+ 54. Ke1 g3 55. Rh5 Kg1 56. Rg5 g2 57. Rh5 Rf4 58. Ke2 Re4+ 59. Kd3 Re6 60. Kd2 Kf2 61. Rf5+ Kg3 62. Rg5+ Kf3 63. Rg8 Re4 64. Rf8+ Rf4 65. Rg8 Rg4 66. Rf8+ Kg3 0-1

[Event "Africa-ch U14"]
[Site "Cairo"]
[Date "2017.12.06"]
[Round "6.2"]
[White "Tamer, Mohamed"]
[Black "Eaton, Dante"]
[Result "0-1"]
[WhiteElo "1671"]
[BlackElo "1522"]
[PlyCount "62"]
[EventDate "2017.12.03"]
[EventType "swiss"]
[EventRounds "9"]
[EventCountry "EGY"]
[SourceTitle "EXT 2024"]
[Source "ChessBase"]
[SourceDate "2023.10.10"]
[SourceVersion "1"]
[SourceVersionDate "2023.10.10"]
[SourceQuality "1"]

1. Nf3 c5 2. g3 Nc6 3. Bg2 g6 4. 0-0 Bg7 5. d3 e6 6. Re1 Nge7 7. e4 d6 8. Nbd2 0-0 9. c3 Rb8 10. Nf1 b5 11. Bd2 b4 12. Rb1 a5 13. h4 Ba6 14. Qc2 a4 15. c4 b3 16. axb3 Rxb3 17. Ra1 Nb4 18. Bxb4 Rxb4 19. e5 dxe5 20. Nxe5 Qd4 21. Re4 Rxb2 22. Rxd4 Rxc2 23. Re4 Bb7 24. Re3 Bxg2 25. Kxg2 Nc6 26. Nxc6 Bxa1 27. Re1 Bc3 28. Ne3 Rb2 29. Rc1 Bb4 30. Rc2 a3 31. Rc1 Bd2 0-1